000 00803cab a2200241 4500
001 WB3411-51
008 090401t1998 xxu||||| |||| 00| 0 eng d
035 _a(Sirsi) u85113
041 _aeng
245 _aLocal Plans and Unitary Development Plans
260 _c1998
350 _a0
490 _aDETR News Release
_v(201/ENV) 16 March 1998 (3)
520 _aDETR has published a consultation paper on proposals for changes to the arrangements for the preparation of Local Plans and Unitary Development Plans. Comments by 1 June 1998.
650 _aLOCAL AUTHORITIES
650 _aLOCAL DEVELOPMENT PLANS
650 _aPLANNING DECISIONS
650 _aPLANNING SYSTEM
650 _aUNITARY DEVELOPMENT PLANS
690 _aPLANNING LAW AND PRACTICE
942 _n0
948 _c20/03/1998
999 _c53519
_d53519